000 00327nam a2200145Ia 4500
100 _aOatey/Michael/ Payne/Carl
942 _cBK
654 _aBasic
245 _aBasic : Short self instructional course
260 _bGalgotia
_aNew Delhi
_c1986
082 _a1.6424
_bOAT
300 _a92
546 _aENGLISH
999 _c24576
_d24576